| 000 | 00887cab a22002415a 4500 | ||
|---|---|---|---|
| 001 | L138493 | ||
| 008 | 070613s2007 xxk f 000 0 eng d | ||
| 035 | _a(Sirsi) u138493 | ||
| 041 | 0 | _aeng | |
| 110 | 2 |
_aDavis Langdon Mott Green Wall _94650 |
|
| 245 | 0 | 0 | _aFire safety installations |
| 260 | _c2007 | ||
| 490 | 0 |
_aBuilding Services Journal _vJune 2007, 70-72(3) |
|
| 520 | _aExamines the principles and practices of life safety electrical services, focusing on fire-resistant power cables, costs and the relevant standards. Table provides the estimated cost of fire-safety installations in terms of size of structure. | ||
| 590 | _aKA | ||
| 650 | 2 | 4 | _aBS 5839-1: 2002 |
| 650 | 2 | 4 | _aBS 6387 |
| 650 | 2 | 4 | _aBS 7346-6 |
| 651 | 4 |
_aUnited Kingdom _y |
|
| 690 | _aBUILT ENVIRONMENT-ENGINEERING-ELECTRICAL ENGINEERING | ||
| 690 | _aBUILT ENVIRONMENT-BUILDING COSTS | ||
| 942 | _n0 | ||
| 999 |
_c78892 _d78892 |
||